00685nam a2200145Ia 4500008004100000100002600041245010600067245004800173260000900221300002800230440005400258650013600312999001900448952007200467171207s9999 xx 000 0 und d aKaminski, Kristina S. aDiscriminating between correct and incorrect eyewitness identifications: The use of appropriate cues. cKaminski, Kristina S.; Sporer, Siegfried L. c2017 apages 59-70, March 2017 aJournal of Experimental Psychology: Appliedv23:1 aJUDGMENTS OF IDENTIFICATION ACCURACY, INDICATORS OF IDENTIFICATION ACCURACY, BRUNSWIKIAN LENS MODEL ANALYSIS, THINK-ALOUD PROTOCOLS c347484d347484 001040aCLbCLd2017-12-07l0r2017-12-07 00:00:00w2017-12-07ySE